Cuentos folklóricos de Puerto Rico / (Registro nro. 12272)

Detalles MARC
000 -LEADER
fixed length control field 01238nam a22002657a 4500
001 - CONTROL NUMBER
control field 002145092
003 - CONTROL NUMBER IDENTIFIER
control field DO-SdBNP
005 - DATE AND TIME OF LATEST TRANSACTION
control field 20180215101313.0
007 - PHYSICAL DESCRIPTION FIXED FIELD--GENERAL INFORMATION
fixed length control field 002145092
008 - FIXED-LENGTH DATA ELEMENTS--GENERAL INFORMATION
fixed length control field 161205b 2002 pr a ||||| |||| 00| 0 spa d
020 ## - INTERNATIONAL STANDARD BOOK NUMBER
International Standard Book Number 8439908555
040 ## - CATALOGING SOURCE
Original cataloging agency BPMSU
Language of cataloging spa
Transcribing agency BPMSU
100 1# - MAIN ENTRY--PERSONAL NAME
Personal name Alegría, Ricardo E.
245 10 - TITLE STATEMENT
Title Cuentos folklóricos de Puerto Rico /
Statement of responsibility, etc. recogidos y editados por Ricardo E. Alegría ; ilustraciones de Rafael Seco.
250 ## - EDITION STATEMENT
Edition statement 9ª ed.
260 ## - PUBLICATION, DISTRIBUTION, ETC. (IMPRINT)
Place of publication, distribution, etc. San Juan de Puerto Rico :
Name of publisher, distributor, etc. [s. l.],
Date of publication, distribution, etc. 2002.
300 ## - PHYSICAL DESCRIPTION
Extent 120 p. :
Other physical details il. ;
Dimensions 22 cm.
490 1# - SERIES STATEMENT
Series statement Estudios puertorriqueños
505 0# - FORMATTED CONTENTS NOTE
Title Los tres hermanos y los objetos maravillosos --
-- Los tres deseos --
-- Juan Bobo y la princesa adivinadora --
-- El ahijado de la muerte --
-- El plumaje del múcaro --
-- El conde Cuervo y la princesa --
-- Pedro Animala y su sombrero de tres picos --
-- Juan Bobo, la puerca, los pollos y el caldero --
-- Los hijos del rey y el pájaro adivino --
-- El conejo y el tigre --
-- El castillo de irás y no volverás --
-- Juanito y la princesa.
700 12 - ADDED ENTRY--PERSONAL NAME
Personal name Seco, Rafael,
Relator term il.
830 #0 - SERIES ADDED ENTRY--UNIFORM TITLE
Uniform title Estudios puertorriqueños.
942 ## - ADDED ENTRY ELEMENTS (KOHA)
Source of classification or shelving scheme Dewey Decimal Classification
Koha item type Libros
945 ## - LOCAL PROCESSING INFORMATION (OCLC)
a Inventariado, 2018 /LP
956 ## - LOCAL ELECTRONIC LOCATION AND ACCESS (OCLC)
Host name LOPEREZ
Access number 10
Compression information 20161205
Processor of request BPMSU
Existencias
Withdrawn status Lost status Source of classification or shelving scheme Damaged status Not for loan Collection code Home library Current library Date acquired Source of acquisition Total Checkouts Barcode Date last seen Price effective from Koha item type
    Dewey Decimal Classification     Colección Infantil General Biblioteca Pública Metropolitana Salomé Ureña Biblioteca Pública Metropolitana Salomé Ureña 02/15/2018 Sellar   BPMSU18020147 02/15/2018 02/15/2018 Libros